000 00369nam a2200157 i 4500
001 bg
245 0 _aFiziceskaja elektronika.
250 _aVyp. 20.
260 _aL'vov :
_b"Viscaja Skola",
_c1980.
300 _as. 166, nlb. 1, tabl. :
_brys., tab.,.
040 _cBPK
041 _apol
080 _a537
942 _cKS
008 s pl f |000 0 pol
999 _c9442
_d9442